| 000 | 01389nam a2200385 c 4500 | ||
|---|---|---|---|
| 001 | 372 | ||
| 003 | ES-MaCES | ||
| 005 | 20180205141719.0 | ||
| 008 | 940527s1991 lu ||| | spa d | ||
| 020 | _a9282626512 | ||
| 035 | _aCES19980003733m | ||
| 040 |
_aES-MaCES _bspa _cES-MaCES |
||
| 245 | 0 | 0 |
_aCreación de empresas _b: políticas de apoyo y papel de la formación : informes nacionales de Francia, Italia, España y Gran Bretaña : informe de síntesis _cJ.M. Prieto ... [et al.] ; publicado por CEDEFOP, Centro Europeo para el Desarrollo de la Formación Profesional |
| 250 | _a1ª ed | ||
| 260 |
_aLuxemburgo _bOficina de Publicaciones Oficiales de las Comunidades Europeas _c1991 |
||
| 300 |
_a312 p. _c29 cm |
||
| 490 | 1 | _aCEDEFOP documento | |
| 541 | _cCompra | ||
| 650 | 4 |
_acreación de empresa _930016 |
|
| 650 | 4 |
_adesarrollo gerencial _928199 |
|
| 650 | 4 |
_aprograma de ayuda _926649 |
|
| 650 | 4 |
_aEspaña _926964 |
|
| 650 | 4 |
_aItalia _926952 |
|
| 650 | 4 |
_aReino Unido _926967 |
|
| 650 | 4 |
_aFrancia _926943 |
|
| 650 | 4 |
_ainforme _928986 |
|
| 653 | 1 | 0 | _aEmpresa |
| 650 | 4 |
_926641 _aayuda económica |
|
| 700 | 1 |
_aPrieto, J. M. _921405 |
|
| 710 | 2 |
_91909 _aCentro Europeo para el Desarrollo de la Formación Profesional |
|
| 830 | 0 |
_aCEDEFOP documento _932134 |
|
| 902 | _aLIB Libro | ||
| 942 |
_2CES _cBK _h0.0. |
||
| 999 |
_c372 _d372 |
||